ECHL Teams - Statistics

General Stats
  • This quiz has been taken 120 times
  • The average score is 15 of 29
Answer Stats
NHL Affiliate Answer % Correct
STL Florida Everblades
67%
NJD Adirondack Thunder
62%
TBL Orlando Solar Bears
62%
SJS Wichita Thunder
62%
FLA Savannah Ghost Pirates
60%
ANA Tulsa Oilers
59%
PIT Wheeling Nailers
59%
TOR Cincinnati Cyclones
57%
COL Utah Grizzlies
57%
MTL Trois-Rivieres Lions
54%
EDM Fort Wayne Komets
51%
CHI Indy Fuel
51%
NSH Atlanta Gladiators
49%
DAL Idaho Steelheads
49%
MIN Iowa Heartlanders
49%
VAN Kalamazoo Wings
49%
WSH South Carolina Stingrays
49%
UTA Allen Americans
48%
BUF Jacksonville Icemen
48%
BOS Maine Mariners
48%
WPG Norfolk Admirals
48%
CGY Rapid City Rush
48%
PHI Reading Royals
48%
VGK Tahoe Knight Monsters
48%
DET Toledo Walleye
48%
SEA Kansas City Mavericks
46%
LAK Greenville Swamp Rabbits
44%
NYI Worcester Railers
43%
NYR Bloomington Bison
41%
No matching quizzes found
Score Distribution
Percent of People with Each Score
Percentile by Number Answered
Your Score History
You have not taken this quiz